[Event "Ì11Ï"]
[Site "Loo"]
[Date "2017.04.28"]
[Round "9.23"]
[White "Ìàñòåðñêèõ, Áîãäàí."]
[Black "Øåðåìåòüåâ, Âëàäèñëàâ."]
[Result "1/2-1/2"]
[WhiteElo "1344"]
[BlackElo "1469"]
[PlyCount "92"]
[EventDate "2017.04.20"]

1. d4 d5 2. Nf3 Nf6 3. e3 a6 4. c4 c6 5. Ne5 Nbd7 6. f4 Ne4 7. Bd3 Nxe5 8. fxe5
b5 9. cxd5 cxd5 10. O-O g6 11. Qf3 f5 12. exf6 Nxf6 13. Nc3 Bg7 14. Bd2 O-O 15.
Qg3 Bb7 16. Kh1 Rc8 17. Rae1 Qd7 18. Qh4 Qe6 19. Ne2 Nh5 20. Nf4 Nxf4 21. Rxf4
Rxf4 22. exf4 Qf6 23. Qxf6 Bxf6 24. Bc3 Kf7 25. a3 e6 26. Kg1 Be7 27. Kf2 Bxa3
28. bxa3 Rxc3 29. Re3 Kf6 30. Be2 Rxe3 31. Kxe3 g5 32. g3 h6 33. Kd2 gxf4 34.
gxf4 Kf5 35. Ke3 Bc6 36. Bh5 a5 37. Bd1 b4 38. axb4 axb4 39. h3 Bd7 40. Bb3 h5
41. Bd1 Kg6 42. Bb3 Bb5 43. Bd1 h4 44. Kf3 Bd7 45. Bb3 Bb5 46. Bd1 Bd7 1/2-1/2

[Event "Ì11Ï"]
[Site "Loo"]
[Date "2017.04.28"]
[Round "9.24"]
[White "Êóðíîñîâ, Åãîð."]
[Black "Ëåâ÷åíêî, Ëåîíèä."]
[Result "1-0"]
[WhiteElo "1467"]
[BlackElo "1343"]
[PlyCount "51"]
[EventDate "2017.04.20"]

1. d4 Nf6 2. c4 c5 3. dxc5 e5 4. Nc3 Bxc5 5. Bg5 Nc6 6. e3 d6 7. Nf3 Bg4 8. Be2
h6 9. Bh4 g5 10. Bg3 Qb6 11. Qc2 Nb4 12. Qb3 e4 13. Nd2 Bxe2 14. Kxe2 Qc6 15.
a3 Na6 16. Qb5 Qxb5 17. Nxb5 Kd7 18. b4 Bb6 19. Nxd6 Bc7 20. N6xe4 Nxe4 21.
Nxe4 Bxg3 22. hxg3 Rac8 23. c5 Ke6 24. Nd6 Rb8 25. Nc4 Rhc8 26. Rxh6+ 1-0

[Event "Ì11Ï"]
[Site "Loo"]
[Date "2017.04.28"]
[Round "9.25"]
[White "Øèíêàðîâ, Àðòåì."]
[Black "Òðåôèëîâ, Âÿ÷åñëàâ."]
[Result "1-0"]
[WhiteElo "1451"]
[BlackElo "1346"]
[PlyCount "79"]
[EventDate "2017.04.20"]

1. d4 Nf6 2. c4 e6 3. Nc3 Bb4 4. e3 c5 5. a3 Bxc3+ 6. bxc3 O-O 7. Bd3 Nc6 8.
Ne2 d6 9. O-O Qc7 10. Ng3 b6 11. Bb2 Bb7 12. Rc1 Rac8 13. Qe2 Ne7 14. f3 d5 15.
cxd5 Nexd5 16. Ne4 c4 17. Bb1 e5 18. Nxf6+ Nxf6 19. e4 exd4 20. cxd4 b5 21. Qc2
g6 22. Qd2 a6 23. Qh6 c3 24. Bxc3 Qb6 25. Kh1 Rc4 26. Ba2 Rc7 27. Qd2 Rfc8 28.
Bb2 Rxc1 29. Rxc1 Rxc1+ 30. Qxc1 Ne8 31. Qf4 Nd6 32. Qe5 Qa5 33. h3 Qe1+ 34.
Kh2 Nc4 35. Bxc4 bxc4 36. d5 Kf8 37. Qb8+ Ke7 38. Qxb7+ Kd6 39. Qc6+ Ke7 40.
Bf6+ 1-0

[Event "Ì11Ï"]
[Site "Loo"]
[Date "2017.04.28"]
[Round "9.26"]
[White "Ñåì¸íîâ, Èëüÿ."]
[Black "Õîäüêî, Þðèé."]
[Result "1-0"]
[WhiteElo "1440"]
[BlackElo "1309"]
[PlyCount "47"]
[EventDate "2017.04.20"]

1. e4 e6 2. d4 d5 3. e5 c5 4. c3 Qb6 5. Nf3 Nc6 6. Bd3 Bd7 7. O-O cxd4 8. cxd4
Nxd4 9. Nxd4 Qxd4 10. Nc3 Qxe5 11. Re1 Qd6 12. Nb5 Qb8 13. Qf3 Bd6 14. Nxd6+
Qxd6 15. Bf4 Qe7 16. Qg3 Qf8 17. Bd6 Ne7 18. Rac1 f6 19. Rc7 b6 20. Bb5 Rd8 21.
Rxe6 Bxb5 22. Rexe7+ Qxe7 23. Rxe7+ Kf8 24. Qxg7# 1-0

[Event "Ì11Ï"]
[Site "Loo"]
[Date "2017.04.28"]
[Round "9.27"]
[White "Âîëîøêèí, Äàíèèë."]
[Black "Æåðäåâ, Ðàäîìèð."]
[Result "1-0"]
[WhiteElo "1418"]
[BlackElo "1272"]
[PlyCount "87"]
[EventDate "2017.04.20"]

1. g3 e5 2. c4 Nf6 3. Nc3 Bc5 4. Bg2 Nc6 5. e3 O-O 6. Nge2 Re8 7. d3 d6 8. O-O
Be6 9. d4 exd4 10. exd4 Nxd4 11. Nxd4 Bxc4 12. Nde2 c6 13. Bg5 Bb4 14. Bf3 Qe7
15. Be3 Rad8 16. Qc2 d5 17. Rfd1 c5 18. Bg5 d4 19. Ne4 Qe6 20. Nf4 Qa6 21. Bxf6
d3 22. Qc1 d2 23. Qc2 Bd3 24. Nxd3 Rxd3 25. Be2 Rxg3+ 26. Nxg3 Qxf6 27. Kg2 Qg5
28. Bf3 Re1 29. Qf5 Qd8 30. Bxb7 Re8 31. Be4 g6 32. Qd5 Qe7 33. Rxd2 Bxd2 34.
Qxd2 Rd8 35. Qh6 f5 36. Bf3 Qe5 37. Qh4 Rd4 38. Qg5 Rd3 39. Rd1 Rxd1 40. Bxd1
Qd5+ 41. Bf3 Qxa2 42. Nxf5 Qxb2 43. Bd5+ Kh8 44. Qd8# 1-0

[Event "Ì11Ï"]
[Site "Loo"]
[Date "2017.04.28"]
[Round "9.28"]
[White "Êîðîëåâ, Àðòåì (Ñ-Ï)."]
[Black "ßò÷åíêî, Ëåîíèä."]
[Result "0-1"]
[WhiteElo "1403"]
[BlackElo "1233"]
[PlyCount "120"]
[EventDate "2017.04.20"]

1. e4 c5 2. Nf3 d6 3. d4 cxd4 4. Nxd4 Nf6 5. Nc3 g6 6. Be3 Bg7 7. Qd2 O-O 8. f3
Nc6 9. Nxc6 bxc6 10. Bc4 Bb7 11. Rd1 c5 12. O-O Nd7 13. Kh1 Ne5 14. Be2 Nc6 15.
Bh6 Nd4 16. Bxg7 Kxg7 17. Bd3 Bc6 18. Ne2 Nxe2 19. Bxe2 Rb8 20. Qc3+ Kg8 21.
Bc4 Qb6 22. b3 a6 23. Qd3 Bb5 24. Bxb5 axb5 25. f4 b4 26. f5 f6 27. fxg6 hxg6
28. h3 Kg7 29. Qg3 Qa6 30. Ra1 Qe2 31. Qd3 Qxd3 32. cxd3 Ra8 33. g4 Ra3 34.
Rfb1 Rfa8 35. Rb2 Kf7 36. Kg2 Ke6 37. Kf3 Ke5 38. Ke3 g5 39. Rf2 Rxb3 40. axb3
Rxa1 41. Rf5+ Ke6 42. d4 Re1+ 43. Kd2 Rh1 44. d5+ Kd7 45. Rf3 Kc7 46. Re3 Kb6
47. Kc2 Kb5 48. Kd3 Ra1 49. Re2 Ra3 50. Rb2 c4+ 51. Kc2 Rxb3 52. Rxb3 cxb3+ 53.
Kxb3 Kc5 54. Kc2 Kc4 55. Kb2 b3 56. Kb1 Kc3 57. Kc1 b2+ 58. Kb1 Kd3 59. e5 dxe5
60. d6 exd6 0-1

[Event "Ì11Ï"]
[Site "Loo"]
[Date "2017.04.28"]
[Round "9.29"]
[White "Ìåëèêÿí, Âàðäàí."]
[Black "Áèñêóï, Ñòåïàí."]
[Result "1-0"]
[WhiteElo "1337"]
[BlackElo "1394"]
[PlyCount "79"]
[EventDate "2017.04.20"]

1. e4 c5 2. Nf3 e6 3. d4 cxd4 4. Nxd4 a6 5. Nc3 Qc7 6. Bd3 Nc6 7. Nf3 Nf6 8.
O-O Bb4 9. Bd2 O-O 10. a3 Bc5 11. Bg5 Ng4 12. h3 Nge5 13. Bf4 Nxf3+ 14. Qxf3 e5
15. Be3 Nd4 16. Bxd4 Bxd4 17. Nd5 Qd8 18. c3 Ba7 19. b4 d6 20. Qg3 Be6 21. Kh1
Bxd5 22. exd5 Rc8 23. f4 Rxc3 24. Bxh7+ Kxh7 25. Qxc3 Bd4 26. Qd3+ f5 27. Rab1
Qh4 28. fxe5 Bxe5 29. Rxf5 Rxf5 30. Qxf5+ g6 31. Qf3 b6 32. Qg4 Qf2 33. Qf3 Qh4
34. Rf1 Qc4 35. Qf7+ Kh6 36. Qf8+ Bg7 37. Qf4+ Qxf4 38. Rxf4 a5 39. Rc4 Be5 40.
Rc6 1-0

[Event "Ì11Ï"]
[Site "Loo"]
[Date "2017.04.28"]
[Round "9.30"]
[White "Àâåðèí, Íèêîëàé."]
[Black "×åðíÿåâ, Äàíèë."]
[Result "1-0"]
[WhiteElo "1363"]
[BlackElo "1108"]
[PlyCount "157"]
[EventDate "2017.04.20"]

1. e4 e6 2. d4 d5 3. e5 c5 4. c3 Nc6 5. Nf3 Qb6 6. a3 c4 7. Be2 Na5 8. Nbd2 Bd7
9. O-O Ne7 10. Qc2 Nf5 11. Re1 Be7 12. Bf1 O-O-O 13. Rb1 Kb8 14. Be2 Rdf8 15.
Bd1 h5 16. Kh1 f6 17. Ra1 Rf7 18. Qb1 Nb3 19. Nxb3 cxb3 20. a4 a5 21. Qd3 Rc8
22. Nd2 g6 23. Nxb3 fxe5 24. Rxe5 Nd6 25. Nc5 Qc6 26. Re2 Nf5 27. Nxd7+ Qxd7
28. Bf4+ Bd6 29. Bxd6+ Qxd6 30. Re5 Rf6 31. Qb5 Qa6 32. Qxa6 bxa6 33. Kg1 Rc6
34. Ra3 Rb6 35. Rb3 Rxb3 36. Bxb3 Kc7 37. Kf1 Nd6 38. Ke2 Ne4 39. f3 Nd6 40.
Kd3 Nf5 41. Bc2 Nh4 42. Rg5 Kd7 43. Ke2 Nf5 44. Bxf5 exf5 45. Rg3 Re6+ 46. Kd2
Rb6 47. Kc2 Ke7 48. f4 Re6 49. Kd2 Rb6 50. Re3+ Kf6 51. Kc2 Rc6 52. Re5 Re6 53.
Rxe6+ Kxe6 54. b3 Kd6 55. h4 Kc6 56. c4 dxc4 57. bxc4 Kd6 58. Kc3 Kc6 59. c5
Kd5 60. Kd3 Kc6 61. Kc4 Kd7 62. Kd5 Kc7 63. Ke6 Kd8 64. Kf6 Kc7 65. Kxg6 Kd7
66. Kxf5 Ke7 67. d5 Kd7 68. Kg5 Ke7 69. Kxh5 Kd7 70. f5 Ke7 71. g4 Kf7 72. g5
Ke7 73. Kg6 Kf8 74. h5 Kg8 75. d6 Kf8 76. f6 Ke8 77. c6 Kd8 78. f7 Kc8 79.
f8=Q# 1-0

[Event "Ì11Ï"]
[Site "Loo"]
[Date "2017.04.28"]
[Round "9.31"]
[White "Ïîíîìàð¸â, Àíäðåé."]
[Black "Èñàéêèí, Âàëåðèé."]
[Result "0-1"]
[WhiteElo "1522"]
[BlackElo "1297"]
[PlyCount "118"]
[EventDate "2017.04.20"]

1. e4 e6 2. d4 d5 3. Nd2 c5 4. exd5 exd5 5. Ngf3 Nf6 6. Be2 Nc6 7. dxc5 Bxc5 8.
O-O O-O 9. Nb3 Bb6 10. Bg5 Be6 11. Bd3 Bg4 12. Be2 Qd6 13. g3 Bh3 14. Bf4 Qe6
15. Ng5 Qd7 16. Nxh3 Qxh3 17. Bf3 Rfd8 18. Bg2 Qf5 19. Qd2 Rac8 20. c3 Rd7 21.
Be3 Ne5 22. Bxb6 axb6 23. Nd4 Qh5 24. h3 Ne4 25. Qe2 Qxe2 26. Nxe2 Nc4 27. b3
Ne5 28. c4 Nf6 29. cxd5 Nxd5 30. Rfd1 Rcd8 31. Rac1 g6 32. Rd2 Nb4 33. Rxd7
Rxd7 34. a3 Na6 35. b4 h5 36. Nf4 Nc7 37. Bxb7 Nb5 38. Bc8 Rd2 39. a4 Nd4 40.
Ra1 g5 41. Ng2 Ndf3+ 42. Kh1 Nd3 43. Ne3 Rxf2 44. Ng2 Rc2 45. Rf1 Nf2+ 46. Rxf2
Rxf2 47. Ba6 Rb2 48. Bf1 Rxb4 49. Ne3 Rxa4 50. Kg2 Nd4 51. Nc4 Ra2+ 52. Kh1 Nf3
53. Bg2 Ra1+ 54. Bf1 Rxf1+ 55. Kg2 Rc1 56. Nxb6 Ne5 57. Nd5 Rc2+ 58. Kf1 Rh2
59. h4 gxh4 0-1

[Event "Ì11Ï"]
[Site "Loo"]
[Date "2017.04.28"]
[Round "9.32"]
[White "Ëûñîâ, Àðñåíèé."]
[Black "Æîñàí, ßííèñ."]
[Result "1-0"]
[WhiteElo "1354"]
[BlackElo "1487"]
[PlyCount "71"]
[EventDate "2017.04.20"]

1. e4 c5 2. Nf3 e6 3. d4 cxd4 4. Nxd4 a6 5. a3 Qc7 6. Nc3 b5 7. Bd3 Bb7 8. O-O
Nf6 9. Kh1 Be7 10. Be3 Nc6 11. f4 Bc5 12. Nxe6 dxe6 13. Bxc5 Nd7 14. Be3 O-O-O
15. Qe2 Nf6 16. Rad1 h5 17. h3 Nd4 18. Qf2 e5 19. fxe5 Qxe5 20. Bf4 Qe6 21. Bh2
Rh6 22. Qf4 Qe7 23. Qb8+ Kd7 24. Qxb7+ Ke8 25. Qxe7+ Kxe7 26. Bf4 Rg6 27. e5
Nd7 28. Bxg6 Ne6 29. Bf5 g5 30. Nd5+ Ke8 31. Bxe6 fxe6 32. Nf6+ Nxf6 33. Rxd8+
Kxd8 34. Bxg5 Ke8 35. Rxf6 h4 36. Rxe6+ 1-0

[Event "Ì11Ï"]
[Site "Loo"]
[Date "2017.04.28"]
[Round "9.33"]
[White "Ìåðöàëîâ, Ðîìàí."]
[Black "Ôàäååâ, Àëåêñåé."]
[Result "1/2-1/2"]
[WhiteElo "1344"]
[BlackElo "1431"]
[PlyCount "117"]
[EventDate "2017.04.20"]

1. d4 d5 2. c3 Nf6 3. Nf3 c5 4. g3 Nc6 5. Bg2 Bf5 6. Na3 e6 7. Bg5 Be7 8. dxc5
Bxc5 9. O-O O-O 10. b4 Be7 11. Bxf6 Bxf6 12. Rc1 Qe7 13. Qb3 Rfd8 14. e3 a5 15.
b5 a4 16. Qb2 Ne5 17. Nxe5 Bxe5 18. Nc2 a3 19. Qb4 Bd6 20. Qd4 Ra5 21. c4 dxc4
22. Qxc4 Raa8 23. Nd4 Bg6 24. Qb3 e5 25. Nf3 h6 26. Rfd1 Bh5 27. Rd2 Bb4 28.
Rxd8+ Rxd8 29. Rc4 Qd6 30. h3 Bc5 31. Qc2 b6 32. Kh2 Bg6 33. e4 Kh7 34. Qb3 f6
35. Ra4 Bxf2 36. Qd5 Bc5 37. Ra7 Qb8 38. Qb7 Qxb7 39. Rxb7 Kg8 40. Nh4 Be8 41.
Nf5 Bd7 42. g4 Bxf5 43. gxf5 Rd2 44. Kg3 Rxa2 45. Bf3 Rd2 46. Bh5 Rd3+ 47. Kg4
a2 48. Ra7 Ra3 49. Bf7+ Kh7 50. Rxa3 Bxa3 51. Bxa2 g6 52. Be6 h5+ 53. Kg3 g5
54. Bf7 Kh6 55. Be8 Bc1 56. Kf3 Bf4 57. Bf7 g4+ 58. hxg4 hxg4+ 59. Kxg4 1/2-1/2

[Event "Ì11Ï"]
[Site "Loo"]
[Date "2017.04.28"]
[Round "9.34"]
[White "Ñåïèàøâèëè, Èâàí."]
[Black "Ôàèçîâ, Ðàèëü."]
[Result "1-0"]
[WhiteElo "1431"]
[BlackElo "1293"]
[PlyCount "69"]
[EventDate "2017.04.20"]

1. e4 e5 2. Nf3 Nc6 3. Bb5 a6 4. Ba4 Nf6 5. O-O Nxe4 6. Re1 Nc5 7. Bxc6 dxc6 8.
Nxe5 Be7 9. Qe2 Be6 10. c3 O-O 11. d4 Nd7 12. Bf4 Re8 13. Nd2 Nxe5 14. Bxe5 f6
15. Bxc7 Qxc7 16. Qxe6+ Kf8 17. Nf3 Rad8 18. Qf5 Kg8 19. Re6 Bf8 20. Rae1 Rxe6
21. Rxe6 Qc8 22. Qe4 Kf7 23. Qf5 Kg8 24. Qh3 c5 25. Qf5 Re8 26. d5 Rd8 27. c4
Re8 28. g4 Rd8 29. g5 Be7 30. Nh4 Kf8 31. Qxh7 fxg5 32. Ng6+ Kf7 33. Ne5+ Ke8
34. Qg6+ Kf8 35. Qf7# 1-0

[Event "Ì11Ï"]
[Site "Loo"]
[Date "2017.04.28"]
[Round "9.35"]
[White "Íåãîðååâ, Çàõàð."]
[Black "Ïàøèíèí, Ìàêñèì."]
[Result "1-0"]
[WhiteElo "1428"]
[BlackElo "1273"]
[PlyCount "52"]
[EventDate "2017.04.20"]

1. e4 c5 2. Nf3 d6 3. d4 cxd4 4. Nxd4 Nf6 5. f3 a6 6. c4 e6 7. Be3 Be7 8. Nc3
O-O 9. Qd2 Bd7 10. Be2 Nc6 11. O-O Rc8 12. Rfd1 e5 13. Nxc6 Bxc6 14. Rac1 Re8
15. Nd5 Nxd5 16. cxd5 Bd7 17. Rxc8 Qxc8 18. Rc1 Qd8 19. Qc3 f5 20. Qc7 Bg5 21.
Bxg5 Qxg5 22. Rc3 Qe7 23. Qxb7 fxe4 24. fxe4 Rf8 25. Qxa6 Qh4 26. g3 Qe7 {
çàïèñü íåðàçáîð~~èâà} 1-0

[Event "Ì11Ï"]
[Site "Loo"]
[Date "2017.04.28"]
[Round "9.37"]
[White "Ïè÷êàñêîâ, Âàäèì."]
[Black "Øåëåïíåâ, Àðòåì."]
[Result "1/2-1/2"]
[WhiteElo "1277"]
[BlackElo "1413"]
[PlyCount "97"]
[EventDate "2017.04.20"]

1. d4 Nf6 2. c4 g6 3. Nc3 d5 4. Bg5 Ne4 5. Bf4 Nxc3 6. bxc3 dxc4 7. e4 Be6 8.
Qa4+ c6 9. Qb4 Qb6 10. a3 Qxb4 11. axb4 b5 12. Bxb8 Rxb8 13. Rxa7 Bg7 14. Kd2
Bf6 15. Nf3 Rd8 16. Kc2 Rd7 17. Ra8+ Rd8 18. Rxd8+ Kxd8 19. Be2 Kc7 20. Ra1 Kb7
21. h3 Ra8 22. Rxa8 Kxa8 23. e5 Bg7 24. Kb2 Bd5 25. Ne1 f5 26. Bf3 Bxf3 27.
Nxf3 Bh6 28. Kc2 Kb7 29. Kd1 Kc7 30. Ne1 Kd7 31. f3 Ke6 32. g3 Kd5 33. Ng2 Ke6
34. h4 Kd5 35. Ke2 Ke6 36. Ke1 Kd5 37. Kd1 Ke6 38. Ke2 Kd5 39. Ne3+ Ke6 40. f4
Bg7 41. Kf3 h5 42. Nd1 Kf7 43. Nf2 Bh6 44. Nh3 Ke6 45. Ng5+ Bxg5 46. fxg5 Kd5
47. Ke3 Ke6 48. Kf3 Kd5 49. Kf4 1/2-1/2

[Event "Ì11Ï"]
[Site "Loo"]
[Date "2017.04.28"]
[Round "9.38"]
[White "Êîñòèêîâ, Ìèõàèë."]
[Black "Î÷èðîâ, Áàòîð."]
[Result "1/2-1/2"]
[WhiteElo "1403"]
[BlackElo "1221"]
[PlyCount "94"]
[EventDate "2017.04.20"]

1. e4 c5 2. Nc3 d6 3. g3 Nf6 4. Bg2 a6 5. d3 e6 6. Nge2 Nc6 7. O-O Be7 8. h3
O-O 9. Be3 Qc7 10. f4 Bd7 11. g4 d5 12. exd5 exd5 13. Nxd5 Nxd5 14. Bxd5 Rad8
15. Bg2 Rfe8 16. Qd2 Bf6 17. Nc3 b6 18. Nd5 Qd6 19. Nxf6+ Qxf6 20. c3 Qd6 21.
f5 Ne5 22. Rad1 Bc6 23. Be4 Bxe4 24. dxe4 Qxd2 25. Rxd2 Rxd2 26. Bxd2 Nc4 27.
Bc1 Rxe4 28. Rd1 g6 29. f6 Re8 30. Kf2 h5 31. gxh5 gxh5 32. Rg1+ Kh8 33. Rg5
Ne5 34. Bf4 Nd3+ 35. Kf3 Ne1+ 36. Kg3 Rg8 37. Rxg8+ Kxg8 38. Kh4 Nd3 39. Bc7 b5
40. Bb6 c4 41. b3 cxb3 42. axb3 Nc1 43. b4 Ne2 44. Bd4 Nf4 45. Kg5 Nxh3+ 46.
Kf5 Kf8 47. Be3 Kg8 1/2-1/2

[Event "Ì11Ï"]
[Site "Loo"]
[Date "2017.04.28"]
[Round "9.39"]
[White "Òåòþåâ, Ñòåïàí."]
[Black "Îðëîâ, Ïîòàï."]
[Result "1-0"]
[WhiteElo "1395"]
[BlackElo "1217"]
[PlyCount "53"]
[EventDate "2017.04.20"]

1. e4 c5 2. d4 cxd4 3. c3 dxc3 4. Nxc3 e6 5. Nf3 a6 6. Bc4 b5 7. Bb3 Bb7 8. O-O
Qc7 9. Qe2 d6 10. Rd1 Nd7 11. Bf4 Rc8 12. Rac1 Qb8 13. Rd3 Ngf6 14. a3 Bxe4 15.
Nxe4 Rxc1+ 16. Bxc1 Nxe4 17. Qxe4 Nc5 18. Qc6+ Nd7 19. Bg5 h6 20. Bf4 e5 21.
Nxe5 Qa7 22. Qc8+ Ke7 23. Nc6+ Kf6 24. Nxa7 Nc5 25. Rf3 Nxb3 26. Be3+ Ke5 27.
Qf5# 1-0

[Event "Ì11Ï"]
[Site "Loo"]
[Date "2017.04.28"]
[Round "9.42"]
[White "ßøêàåâ, Àëåêñàíäð."]
[Black "Çîëîòûõ, Èâàí."]
[Result "0-1"]
[WhiteElo "1182"]
[BlackElo "1364"]
[PlyCount "56"]
[EventDate "2017.04.20"]

1. d4 d5 2. c4 c6 3. Nc3 Nf6 4. Bg5 Bf5 5. e3 e6 6. Nf3 Nbd7 7. Be2 h6 8. Bh4
Be7 9. Qb3 Qc7 10. c5 b6 11. Bg3 Qb7 12. O-O O-O 13. a4 Nh5 14. cxb6 Nxg3 15.
hxg3 Qxb6 16. Qxb6 Nxb6 17. Ne5 Rac8 18. b3 f6 19. a5 fxe5 20. axb6 exd4 21.
exd4 axb6 22. Na4 Bf6 23. Rfd1 Rb8 24. Rac1 Rfc8 25. Ba6 Rc7 26. Bb5 Rbc8 27.
Nxb6 Rb8 28. Na4 Rxb5 0-1

[Event "Ì11Ï"]
[Site "Loo"]
[Date "2017.04.28"]
[Round "9.43"]
[White "Ñìîëèí, Àëåêñàíäð."]
[Black "Ñòàðöåâ, Ìàêñèì."]
[Result "1/2-1/2"]
[WhiteElo "1361"]
[BlackElo "1196"]
[PlyCount "92"]
[EventDate "2017.04.20"]

1. d4 f5 2. c4 e6 3. Nc3 Nf6 4. g3 d5 5. cxd5 exd5 6. Bg2 c6 7. Nf3 Bd6 8. O-O
O-O 9. Qb3 Kh8 10. Re1 Nbd7 11. Ng5 Nb6 12. Na4 Ne4 13. Nxe4 fxe4 14. Nxb6 Qxb6
15. Qxb6 axb6 16. f3 exf3 17. exf3 Bf5 18. Bg5 h6 19. Be7 Bxe7 20. Rxe7 Rab8
21. Rc1 Rfe8 22. Rce1 Rxe7 23. Rxe7 Kg8 24. Kf2 Kf8 25. Rc7 Bd3 26. Bh3 Ba6 27.
Rc8+ Rxc8 28. Bxc8 Ke7 29. b4 Kd6 30. a4 Bc4 31. Bxb7 Kc7 32. Ba8 Bb3 33. b5 c5
34. dxc5 Bxa4 35. cxb6+ Kxb6 36. Bxd5 Kxb5 37. Ke3 Kc5 38. Be4 Kd6 39. Kd4 Ke6
40. f4 Kf6 41. h4 Bd7 42. Ke3 Bg4 43. Bf3 Bd7 44. g4 g5 45. hxg5+ hxg5 46.
fxg5+ Kxg5 1/2-1/2

[Event "Ì11Ï"]
[Site "Loo"]
[Date "2017.04.28"]
[Round "9.45"]
[White "Àááàñîâ, Àçèç."]
[Black "Ñèìàêîâ, Âàäèì."]
[Result "1-0"]
[WhiteElo "1471"]
[BlackElo "1296"]
[PlyCount "103"]
[EventDate "2017.04.20"]

1. e4 e5 2. Nf3 Nc6 3. Bb5 a6 4. Bxc6 dxc6 5. d3 Bg4 6. h3 Bh5 7. g4 Bg6 8.
Nxe5 Ke7 9. f4 f6 10. Nf3 Be8 11. Nc3 Kf7 12. g5 Be7 13. Rg1 Bd7 14. h4 g6 15.
e5 f5 16. Be3 h6 17. Bd4 Be6 18. Be3 h5 19. a3 Bf8 20. Qd2 Ne7 21. Nd4 Nd5 22.
Nxe6 Kxe6 23. Nxd5 cxd5 24. Qc3 c6 25. Bc5 Bxc5 26. Qxc5 Qc7 27. Kd2 b6 28. Qc3
c5 29. d4 c4 30. a4 a5 31. b3 Rhc8 32. Rge1 Qd7 33. Rab1 Rab8 34. Ra1 cxb3 35.
Qxb3 Rc4 36. c3 Rc7 37. Rec1 Rc6 38. c4 dxc4 39. Rxc4 Rxc4 40. Qxc4+ Ke7 41.
Rc1 Kf8 42. e6 Qd6 43. d5 Rd8 44. Ke3 Qxd5 45. Qxd5 Rxd5 46. Rc6 Ke7 47. Rxb6
Rd6 48. Rxd6 Kxd6 49. Kd4 Kxe6 50. Kc5 Kd7 51. Kb5 Kc7 52. Kxa5 1-0

[Event "Ì11Ï"]
[Site "Loo"]
[Date "2017.04.28"]
[Round "9.46"]
[White "Ïóãà÷, Ãëåá."]
[Black "Âîëîâè÷, Åâãåíèé."]
[Result "1-0"]
[WhiteElo "1403"]
[BlackElo "1292"]
[PlyCount "65"]
[EventDate "2017.04.20"]

1. e4 e6 2. d4 d5 3. Nd2 Nc6 4. Ngf3 Nf6 5. e5 Nd7 6. Be2 f6 7. exf6 Qxf6 8.
Nf1 Bd6 9. Ne3 O-O 10. O-O Nb6 11. c4 dxc4 12. Nxc4 Nxc4 13. Bxc4 Bf4 14. Re1
Bxc1 15. Rxc1 Rd8 16. Qb3 Rd6 17. Bxe6+ Bxe6 18. Qxb7 Rb8 19. Qxc7 Rdd8 20.
Rxc6 Rbc8 21. Qb7 Bd5 22. Rxf6 Bxb7 23. Rf4 Rc2 24. h3 Rxb2 25. Re7 Bxf3 26.
Rxf3 Rxa2 27. Rff7 Rxd4 28. Rxg7+ Kf8 29. Ref7+ Ke8 30. Rxa7 Rd1+ 31. Kh2 Rxf2
32. Ra8+ Rd8 33. Rg8+ 1-0

[Event "Ì11Ï"]
[Site "Loo"]
[Date "2017.04.28"]
[Round "9.47"]
[White "Íîâèêîâ, Äåíèñ."]
[Black "Íîâèêîâ, Ôåäîð."]
[Result "0-1"]
[WhiteElo "1393"]
[BlackElo "1287"]
[PlyCount "57"]
[EventDate "2017.04.20"]

1. e4 e5 2. Nf3 Nc6 3. Bb5 a6 4. Ba4 Nf6 5. O-O Be7 6. Re1 b5 7. Bb3 O-O 8. d4
d6 9. c3 Bg4 10. d5 Na5 11. Bc2 c6 12. b4 Nc4 13. dxc6 Qc7 14. Nbd2 Qxc6 15.
Nxc4 Qxc4 16. Bd2 Rac8 17. Bb3 Qc7 18. Re3 Rfd8 19. Qc2 d5 20. exd5 Nxd5 21.
Re2 Bxb4 22. cxb4 Qxc2 23. Bxc2 Rxc2 24. Bg5 Rxe2 25. Bxd8 Nxb4 26. Rd1 h6 27.
a3 Nc6 28. h3 Bxf3 29. gxf3 {çàïèñü íåðàçáîð~~èâà} 0-1

[Event "Ì11Ï"]
[Site "Loo"]
[Date "2017.04.28"]
[Round "9.48"]
[White "Êóõòèí, Âëàäèñëàâ."]
[Black "Çèìèí, Àðòóð."]
[Result "0-1"]
[WhiteElo "1392"]
[BlackElo "1255"]
[PlyCount "46"]
[EventDate "2017.04.20"]

1. d4 Nf6 2. c4 e5 3. e3 exd4 4. exd4 d5 5. Nc3 Be7 6. Be2 Nc6 7. Nf3 Bg4 8.
O-O dxc4 9. Bxc4 Bxf3 10. Qxf3 Qxd4 11. Bb5 O-O 12. Be3 Qb4 13. Rab1 Bd6 14. a3
Qh4 15. g3 Ne5 16. Qxb7 Qh5 17. Qg2 Nfg4 18. Bf4 Nf3+ 19. Kh1 Ngxh2 20. g4
Nxg4+ 21. Bh2 Ngxh2 22. Rg1 Ng4+ 23. Qh2 Qxh2# 0-1

[Event "Ì11Ï"]
[Site "Loo"]
[Date "2017.04.28"]
[Round "9.49"]
[White "Ãàñàíîâ, Ôóàä."]
[Black "Áàáèêîâ, Àëåêñåé."]
[Result "1-0"]
[WhiteElo "1390"]
[BlackElo "1249"]
[PlyCount "99"]
[EventDate "2017.04.20"]

1. d4 d5 2. c4 e6 3. Nc3 Nf6 4. Nf3 c6 5. e3 Nbd7 6. Bd2 Be7 7. cxd5 exd5 8.
Bd3 O-O 9. O-O c5 10. b3 b6 11. Kh1 Bb7 12. Rg1 Ne4 13. Qe2 Re8 14. Rac1 Bf6
15. dxc5 bxc5 16. Bxe4 dxe4 17. Ne1 Ne5 18. Na4 Rc8 19. Rxc5 Rxc5 20. Nxc5 Bc6
21. Rf1 Qd5 22. Bb4 Rb8 23. Qd2 Rb5 24. Qxd5 Bxd5 25. Nc2 Nd3 26. a4 Rxc5 27.
Bxc5 Nxc5 28. b4 Nd3 29. Nd4 Nxb4 30. Rc1 g6 31. Kg1 Nd3 32. Rc7 a6 33. Rd7 Bc4
34. g3 Be6 35. Nxe6 fxe6 36. Rc7 Nb2 37. a5 Nd3 38. Rc6 Kf7 39. Rxa6 Bd8 40.
Ra7+ Kf6 41. a6 Nc5 42. Ra8 Bb6 43. a7 Kg5 44. h3 Kh6 45. h4 Nd7 46. Kh2 Ne5
47. Kh3 Nc6 48. g4 Bc5 49. g5+ Kh5 50. Rh8 1-0

[Event "Ì11Ï"]
[Site "Loo"]
[Date "2017.04.28"]
[Round "9.50"]
[White "Ïåòóõîâ, ßêîâ."]
[Black "Ñîêîëîâ, Åãîð."]
[Result "0-1"]
[WhiteElo "1198"]
[BlackElo "1372"]
[PlyCount "62"]
[EventDate "2017.04.20"]

1. e4 e5 2. Nf3 Nc6 3. Bb5 a6 4. Ba4 d6 5. O-O Bd7 6. c3 Nge7 7. d4 Ng6 8. d5
Nb8 9. Bxd7+ Nxd7 10. c4 Be7 11. Nc3 O-O 12. Qd3 Nc5 13. Qc2 a5 14. Be3 b6 15.
a3 Re8 16. b4 Nd7 17. Rfb1 Bf8 18. h3 Nf6 19. Ne2 Nh5 20. Qd2 Nf6 21. Ng3 a4
22. Qc2 Nd7 23. Nf5 Ne7 24. N3h4 g6 25. Ng3 Ra7 26. Nf3 Bg7 27. h4 Rf8 28. h5
h6 29. hxg6 fxg6 30. Qd2 g5 31. Nh5 Nf6 {çàïèñü íåðàçáîð~~èâà} 0-1

[Event "Ì11Ï"]
[Site "Loo"]
[Date "2017.04.28"]
[Round "9.51"]
[White "Àíäðååâ, Êîíñòàíòèí."]
[Black "Äåíèñîâ, Ìàòâåé."]
[Result "1-0"]
[WhiteElo "1355"]
[BlackElo "1252"]
[PlyCount "79"]
[EventDate "2017.04.20"]

1. e4 e5 2. Nf3 Nc6 3. Bc4 Bc5 4. c3 Nf6 5. d3 O-O 6. b4 Bb6 7. a4 a6 8. Be3
Bxe3 9. fxe3 d5 10. exd5 Nxd5 11. Qd2 Be6 12. O-O Re8 13. Na3 Nf6 14. Rad1 Qe7
15. Bxe6 Qxe6 16. Qc2 Rad8 17. e4 Ng4 18. Qc1 Rd7 19. h3 Nf6 20. Nh4 h6 21. Rf3
Nh7 22. Rg3 Ng5 23. Nf5 f6 24. h4 Nh7 25. Qxh6 g5 26. Rf1 Rf8 27. hxg5 Kf7 28.
g6+ Ke8 29. Ng7+ Rxg7 30. Qxg7 Kd8 31. Nc4 Re8 32. gxh7 Kc8 33. h8=Q Rxh8 34.
Qxh8+ Nd8 35. Rg8 b6 36. Rxd8+ Kb7 37. b5 axb5 38. axb5 c6 39. Rb8+ Ka7 40.
Ra8+ 1-0

[Event "Ì11Ï"]
[Site "Loo"]
[Date "2017.04.28"]
[Round "9.52"]
[White "Ìîøêîâ, Àëåêñàíäð."]
[Black "Õîòåíêî, Äàíèèë."]
[Result "1/2-1/2"]
[WhiteElo "1178"]
[BlackElo "1351"]
[PlyCount "47"]
[EventDate "2017.04.20"]

1. e4 e5 2. Nf3 Nc6 3. Bc4 Bc5 4. c3 Nf6 5. d3 d5 6. exd5 Nxd5 7. b4 Bb6 8. Bb5
O-O 9. O-O Qd6 10. a3 Nf4 11. Bxf4 exf4 12. c4 Bd4 13. c5 Qf6 14. Ra2 Bg4 15.
h3 Bh5 16. Nbd2 Rad8 17. Ne4 Qg6 18. Bxc6 bxc6 19. Rd2 Qh6 20. Rc2 Qg6 21. Rc4
h6 22. Re1 Rfe8 23. Ned2 Rxe1+ 24. Qxe1 {çàïèñü íåðàçáîð~~èâà} 1/2-1/2

[Event "Ì11Ï"]
[Site "Loo"]
[Date "2017.04.28"]
[Round "9.54"]
[White "Âîðîíèí, Íèêèòà."]
[Black "Òðóõàíîâ, Ìèõàèë."]
[Result "1-0"]
[WhiteElo "1104"]
[BlackElo "1342"]
[PlyCount "87"]
[EventDate "2017.04.20"]

1. d4 d5 2. f4 Nf6 3. e3 Bf5 4. c3 e6 5. Nf3 h6 6. Bd3 Bxd3 7. Qxd3 a6 8. Nbd2
c5 9. O-O Be7 10. Ne5 Nbd7 11. Ndf3 O-O 12. Nxd7 Nxd7 13. Ne5 Nxe5 14. fxe5 c4
15. Qc2 Bg5 16. e4 Bxc1 17. Raxc1 Qe7 18. Rf3 f6 19. exd5 exd5 20. Re1 fxe5 21.
Rxe5 Qd6 22. Rfe3 Qf6 23. Qe2 Rfd8 24. Qf2 Qxf2+ 25. Kxf2 Rf8+ 26. Kg3 Rad8 27.
Re7 Rf7 28. Re8+ Rxe8 29. Rxe8+ Rf8 30. Re5 Rd8 31. Re7 b5 32. Ra7 Rd6 33. Kf4
Rg6 34. g4 Rf6+ 35. Ke5 Rf2 36. Kxd5 Rxb2 37. Rxa6 Rxh2 38. Kc5 Rg2 39. d5 Rxg4
40. d6 Rg5+ 41. Kc6 Rg6 42. Kc7 Rxd6 43. Kxd6 g5 44. Ke5 1-0